<?xml version="1.0" encoding="UTF-8"?>
<marc:record xmlns:marc="http://www.loc.gov/MARC21/slim">
   <marc:leader>00000nam a2200000 a 4500</marc:leader>
   <marc:datafield ind1="1" ind2=" " tag="100">
      <marc:subfield code="a">Kintrup, Martin</marc:subfield>
      <marc:subfield code="4">aut</marc:subfield>
      <marc:subfield code="e">Verfasser/-in</marc:subfield>
   </marc:datafield>
   <marc:datafield ind1=" " ind2=" " tag="653">
      <marc:subfield code="a">Vegetarische Kost</marc:subfield>
   </marc:datafield>
   <marc:datafield ind1="0" ind2="0" tag="245">
      <marc:subfield code="a">Vegetarisch für Faule</marc:subfield>
   </marc:datafield>
   <marc:datafield ind1="0" ind2="0" tag="245">
      <marc:subfield code="c">Martin Kintrup</marc:subfield>
   </marc:datafield>
   <marc:datafield ind1=" " ind2="1" tag="264">
      <marc:subfield code="a">München</marc:subfield>
      <marc:subfield code="b">Gräfe und Unzer Verlag</marc:subfield>
      <marc:subfield code="c">2022</marc:subfield>
   </marc:datafield>
   <marc:datafield ind1=" " ind2=" " tag="250">
      <marc:subfield code="a">16. Auflage</marc:subfield>
   </marc:datafield>
   <marc:datafield ind1="1" ind2=" " tag="520">
      <marc:subfield code="a">Bergeweise Gemüse schnippeln, Hülsenfrüchte über Nacht einweichen und tagelang Sprossen züchten - damit ist jetzt Schluss! Denn mit Band 3 der Kochen für Faule-Reihe ziehen Spontaneität und Entspannung endlich auch ins Küchenleben der Veggie-Fans ein. Dass die fleischlose Küche die Körner-Öko-Ecke längst verlassen hat und zum Kochtrend avanciert ist, zeigen die beachtlichen Verkaufszahlen der vegetarischen GU-Kochbücher. Mit Vegetarisch für Faule kommt jetzt noch mehr Speed in die grüne Küche! Denn mit einer cleveren Produktauswahl, praktischen Geräten und wenigen Arbeitsschritten lässt es sich herrlich einfach kochen und richtig bequem genießen. Ob Rucola-Ziegenkäse-Wrap, Sauerkraut-Tofu-Auflauf, Halloumi-Burger oder Cremetörtchen - alle Rezepte basieren auf fixen, vegetarischen Produkten, die schnell zubereitet sind. Fertiggerichte, Geschmacksverstärker und Zusatzstoffe sind dabei tabu. Denn dieses Buch beweist - Bequemlichkeit und gesunder Genuss lassen sich wunderbar vereinen!</marc:subfield>
   </marc:datafield>
   <marc:datafield ind1=" " ind2=" " tag="020">
      <marc:subfield code="a">9783833826276</marc:subfield>
      <marc:subfield code="9">9783833826276</marc:subfield>
   </marc:datafield>
   <marc:datafield ind1=" " ind2=" " tag="020">
      <marc:subfield code="a">3833826274</marc:subfield>
      <marc:subfield code="9">3833826274</marc:subfield>
   </marc:datafield>
   <marc:datafield ind1=" " ind2=" " tag="300">
      <marc:subfield code="a">144 S.: Mit Farbfotos von Michael Wissing.</marc:subfield>
   </marc:datafield>
</marc:record>
